Biotechnology : (Record no. 543)
[ view plain ]
| 000 -LEADER | |
|---|---|
| fixed length control field | 00471nam a22001457a 4500 |
| 020 ## - ISBN | |
| International Standard Book Number | 8179924408 |
| 050 ## - LIBRARY OF CONGRESS CALL NUMBER | |
| Classification Number | TP248.215 |
| Item Number | .F8 2009 |
| 100 ## - MAIN ENTRY--Author | |
| Personal name | Michael Fumento |
| 245 ## - TITLE | |
| Title | Biotechnology : |
| Remainder of title | how it is changing our life |
| 260 ## - PUBLICATION, DISTRIBUTION, ETC.(IMPRINT) | |
| Place of publication, distribution, etc | Mumbai |
| Name of publisher, distributor, etc | Jaico printing. |
| Date of publication, distribution, etc | 2007 |
| 300 ## - PHYSICAL DESCRIPTION | |
| Extent | 510 p. : 24 cm. |
| 500 ## - GENERALNOTE | |
| General note | Includes, index. |
| 650 ## - SUBJECT--TOPIC | |
| Topical term following geographic name as entry element | Biotechnology -- Popular works. Genetic engineering -- Popular works. Biotechnology. |
| Form subdivision | BOOK |
| General subdivision | PB |
| 942 ## - ADDED ENTRY ELEMENTS(KOHA) | |
| Koha item type | General circulation |
| Source of classification or shelving scheme | Not for loan | Location (home branch) | Sublocation (holding branch) | Date accessioned | Cost, normal purchase price | Full call number | Barcode | Copy number | Cost, replacement price | Nonpublic note | Koha item type |
|---|---|---|---|---|---|---|---|---|---|---|---|
| Library of Congress Classification | Main Campus Library | Main Campus Library | 06/08/2014 | 476.76 | TP248.215 .F8 2009 | 2019/024693 | C.1 | 976.00 | BONNIE | General circulation |